00705cam a22002531 4500001001300000003000400013005001700017008004100034010001700075035002000092040001800112042001200130043001200142050001600154100003400170245006500204260001100269300002800280500001400308504003900322650004900361650002400410999001700434sa 64006445 DLC20260227112039.0890417s1963 ii b 000 1 hino  asa 64006445  a(OCoLC)19560055 aDLCcWaUdDLC apremarc aa-ii---00aPK2042b.T71 aTripāṭhī, Chavinātha.10aKahānī kalā aura Hindī kahāni-yoṃ kā vikāsa. c[1963] axiv, 240, ii p.c23 cm. aIn Hindi. aBibliography: p. [i]-ii (3d group) 0aShort stories, HindixHistory and criticism. 0aFictionxTechnique. c59703d59703